01064nam a22001937a 4500003000900000008004100009040007100050082005100121110005500172245006800227260005600295300002900351440007000380505030800450650001800758650002600776650001300802710005500815AR-CdUCM190425b ||||| |||| 00| 0 spa d aMUNICIPALIDAD PROVINCIAL DEL CUSCOcBIBLIOTECA MUNICIPAL DEL CUSCO aRev.Univ/N°24,25/1918bRev.Univ/N°24,25/1918 aUniversidad Nacional de San Antonio Abad del Cusco aRevista Universitaria :bÓrgano de la Universidad del Cuzco / aCusco :bEl Trabajo,cjunio,1918.csetiembre, 1918. a101 páginas. :c20 cm. aRevista UniversitarianAño VII, junio, setiembre 1918, N°24,25 aContenido: Apuntes para la historia del Cuzco. -- Discurso de apertura abril 1918. José Gabriel Cosio. -- Flora Apurimensis. -- Fortunato L. Herrera. -- Las universidades menores. César Antonio Ugarte. -- La riqueza forestal del departamento del Cuzco. M Carmen García. -- Crónica universitaria. aUniversidades aBotánica cusqueña aSiglo XX aUniversidad Nacional de San Antonio Abad del Cusco